La Participación ciudadana en Nicaragua: compendio normativo

Este documento es un compendio normativo que recoge las principales disposiciones o la legislación existente en materia de participación ciudadana en Nicaragua. Este compendio tiene por objeto resaltar la importancia de este tema para el fortalecimiento de la democracia y convertirse en instrumento...

תיאור מלא

שמור ב:
מידע ביבליוגרפי
פורמט: Texto
יצא לאור: Managua: Centro de Derechos Constitucionales y Hagamos Demogracia
נושאים:
תגים: הוספת תג
אין תגיות, היה/י הראשונ/ה לתייג את הרשומה!

MARC

LEADER 00000 a a2200000 04500
001 32608
003
040
090 |a 203100  
245 |a La Participación ciudadana en Nicaragua: compendio normativo  
260 |a Managua:   |b Centro de Derechos Constitucionales y Hagamos Demogracia  
300 |a 283 p.  
520 |a Este documento es un compendio normativo que recoge las principales disposiciones o la legislación existente en materia de participación ciudadana en Nicaragua. Este compendio tiene por objeto resaltar la importancia de este tema para el fortalecimiento de la democracia y convertirse en instrumento de referencia para una mayor incidencia en políticas públicas de las organizaciones de la sociedad civil  
650 |a CIUDADANIA  
650 |a PARTICIPACION SOCIAL  
650 |a LEGISLACION  
650 |a NICARAGUA  
999 |c 770  |d 770